000 00950nam a2200241 a 4500
001 BRL_1396
005 20190320211201.0
008 100114s1991----mx-ao#####---#000-0#eng-#
041 _aeng
044 _amx
050 4 _aF1435.3.T48
_b.M67 1991
100 1 _aMorris, Walter F.
_926768
245 1 0 _aA millennium of weaving in Chiapas
_ban introduction to the Pellizzi collection of Chiapas textiles
_cWalter F. Morris.
260 _a[Chiapas]
_bGobierno del Estado de Chiapas ; Consejo Estatal para el Fomento ala Investigación y Difusión de la cultura ; DIF-Chiapas ; Casa de Artesanías de Chiapas
_c1991
300 _a56 p.
_bil., fotografías
_c23 cm.
500 _aAu1636
600 1 4 _aPellizzi, Francesco
_d1940-
_vColección etnológica
_926769
650 1 4 _aMayas
_vEsposiciones
_xTelas
_926770
650 1 4 _aMayas
_vEsposiciones
_xTextiles
_926771
650 1 4 _aTejeduría
_vEsposiciones
_zChiapas
_926772
902 _aGRL
942 _2lcc
_cB
999 _c10207
_d10207